Human Resource Management (Record no. 817)

MARC details
000 -LEADER
fixed length control field 00408nam a22001697a 4500
005 - DATE AND TIME OF LATEST TRANSACTION
control field 20180802151220.0
008 - FIXED-LENGTH DATA ELEMENTS--GENERAL INFORMATION
fixed length control field 160514b xxu||||| |||| 00| 0 eng d
020 ## - INTERNATIONAL STANDARD BOOK NUMBER
ISBN 81-7446-448-4
041 ## - LANGUAGE CODE
Language code of text/sound track or separate title eng
082 ## - DEWEY DECIMAL CLASSIFICATION NUMBER
Item number 2209
Classification number 658.3
100 ## - MAIN ENTRY--AUTHOR NAME
Personal name Rao, V.S.P.
245 ## - TITLE STATEMENT
Title Human Resource Management
260 ## - PUBLICATION, DISTRIBUTION, ETC. (IMPRINT)
Place of publication New Delhi
Name of publisher Excel Books,
Year of publication 2010
300 ## - PHYSICAL DESCRIPTION
Number of Pages 697p,
650 ## - SUBJECT ADDED ENTRY--TOPICAL TERM
Topical Term Management
942 ## - ADDED ENTRY ELEMENTS (KOHA)
Koha item type Books
Holdings
Lost status Damaged status Collection code Home library Shelving location Date acquired Cost, normal purchase price Full call number Accession Number Koha item type Current library
    MANAGEMENT JRU Library SHELF-63-A 14/05/2016 350.00 658.3 2209 Books  
    MANAGEMENT JRU Library SHELF-63-A 14/05/2016 350.00 658.3 2210 Books  
    MANAGEMENT JRU Library SHELF-63-A 14/05/2016 350.00 658.3 2211 Books  
    MANAGEMENT JRU Library SHELF-63-A 14/05/2016 350.00 658.3 2212 Books  
    MANAGEMENT JRU Library SHELF-63-A 14/05/2016 350.00 658.3 2213 Books  
    MANAGEMENT JRU Library SHELF-63-A 14/05/2016 350.00 658.3 2214 Books JRU Library
    MANAGEMENT JRU Library SHELF-63-A 14/05/2016 350.00 658.3 2215 Books  
    MANAGEMENT JRU Library SHELF-63-A 14/05/2016 350.00 658.3 2216 Books  
    MANAGEMENT JRU Library SHELF-63-A 14/05/2016 350.00 658.3 2217 Books  
    MANAGEMENT JRU Library SHELF-63-A 14/05/2016 350.00 658.3 2218 Books  
    MANAGEMENT JRU Library SHELF-63-A 14/05/2016 350.00 658.3 2219 Books  
    MANAGEMENT JRU Library SHELF-63-E 14/05/2016 350.00 658.3 2220 Books JRU Library